Ils ont incarné un roi de France (hors Louis XIV) - Statistiques

Statistiques générales
  • Ce quiz a été pris 7 fois
  • Le résultat moyen est 4 sur 70
Statistiques - réponses
Année Film ou série Souverain Acteur % Correct
1993 La Reine Margot Henri IV Daniel Auteuil
57%
1999 Jeanne d'Arc Charles VII John Malkovich
43%
1956 Si Paris nous était conté François 1er Jean Marais
29%
1962 La conjuration de Cinq-Mars Louis XIII Jean-Pierre Marielle
29%
1984 Liberté, égalité, choucroute Louis XVI Michel Serrault
29%
1996 Beaumarchais, l'Insolent Louis XV Michel Serrault
29%
2003 Fanfan la Tulipe Louis XV Didier Bourdon
14%
1972 Les rois maudits Philippe IV Georges Marchal
14%
2005 Les rois maudits Louis X Guillaume Depardieu
14%
1979 Le roi qui vient du sud Henri IV Henri Virlogeux
14%
1961 Le miracle des loups Louis XI Jean Louis Barrault
14%
1992 Le visionarium Louis XV Jean Rochefort
14%
2018 Un peuple et son roi Louis XVI Laurent Lafitte
14%
1981 La folle histoire du Monde Louis XVI Mel Brooks
14%
1937 Les perles de la Couronne François 1er Sacha Guitry
14%
1938 Remontons les Champs-Elysées Louis XV Sacha Guitry
14%
1956 Si Paris nous était conté Louis XI Sacha Guitry
14%
1921 Les Trois mousquetaires Louis XIII Adolphe Menjou
0%
1998 Le radeau de la Méduse Louis XVIII André Penvern
0%
1938 Le roi des gueux Louis XI Basil Rathbone
0%
1990 Cellini, l'or et le sang François 1er Bernard-Pierre Donnadieu
0%
1989 L'été de la Révolution Louis XVI Bruno Cremer
0%
1924 Le miracle des loups Louis XI Charles Dullin
0%
1960 Le Capitan Louis XIII Christian Fourcade
0%
1954 La Reine Margot Henri III Daniel Ceccaldi
0%
1973 Les Quatre Charlots mousquetaires Louis XIII Daniel Ceccaldi
0%
1947 Louis XI ou la naissance d'un roi Charles VII Daniel Gélin
0%
2001 D'Artagnan Louis XIII Daniel Mesguich
0%
1996 Beaumarchais, l'Insolent Louis XVI Dominique Besnehard
0%
1960 L'assassinat du duc de Guise Henri III François Maistre
0%
1941 Le destin fabuleux de Désirée Clary Louis XVIII Gaston Mauger
0%
1976 Le jeune homme et le lion Charlemagne Georges Wilson
0%
1961 Les Trois mousquetaires Louis XIII Guy Tréjan
0%
1973 Joseph Balsamo Louis XV Guy Tréjan
0%
1979 Le nuit de l'été Louis XVI Henri Tisot
0%
1979 On efface tout Louis XVI Jacques Ardouin
0%
2002 La Bataille d'Hernani Charles X Jacques Dacqmine
0%
1960 Le secret du chevalier d'Eon Louis XV Jacques Desailly
0%
1946 L'affaire du collier de la Reine Charles X Jacques François
0%
1955 Marie-Antoinette, reine de France Louis XVI Jacques Morel
0%
2011 Louis XI, le pouvoir fracassé Louis XI Jacques Perrin
0%
2005 Marie-Antoinette Louis XVI Jason Schwartzman
0%
1989 La Révolution française Louis XVI Jean-François Balmer
0%
1975 Salvator et les Mohicans de Paris Louis-Philippe Jean Martinelli
0%
1959 John Paul Jones, maître des mers Louis XVI Jean-Pierre Aumont
0%
1973 Les Trois mousquetaires Louis XIII Jean-Pierre Cassel
0%
1974 On l'appelait Milady Louis XIII Jean-Pierre Cassel
0%
1987 Casanova Louis XV Jean-Pierre Cassel
0%
1956 Notre-Dame de Paris Louis XI Jean Tissier
0%
1961 Henri III et sa cour Henri III Jean Weber
0%
1938 Marie-Antoinette Louis XV John Barrymore
0%
2010 Robin des Bois Philippe II Jonathan Zaccai
0%
2010 Henri 4 Henri IV Julien Boisselier
0%
1995 Jefferson à Paris Louis XVI Michael Lonsdale
0%
1971 Quentin Durward Louis XI Michel Vitold
0%
1955 Si Paris nous était conté Charles VII Paul Colline
0%
1918 Marion de Lorme Louis XIII Pierre Renoir
0%
1938 La Marseillaise Louis XVI Pierre Renoir
0%
1962 Les Trois mousquetaires Louis XIII Pierre Vaneck
0%
2010 La princesse de Montpensier Henri III Raphaël Personnaz
0%
1938 Marie Antoinette Charles X Reginald Gardiner
0%
1957 Sainte Jeanne Charles VII Richard Widmark
0%
1988 La croisade des enfants Philippe II Robert Hossein
0%
1990 Dames galantes Henri III Robin Renucci
0%
1980 Louis XI, un seul roi pour la France Louis XI Roland Monod
0%
2022 Diane de Poitiers François 1er Samuel Labarthe
0%
2009 Louis XV, le soleil noir Louis XV Stanley Weber
0%
1968 Un lion en hiver Philippe II Timothy Dalton
0%
2006 Jeanne Poisson, marquise de Pompadour Louis XV Vincent Perez
0%
1987 Le Gerfaut Louis XVI Vincent Solignac
0%
Aucun quiz correspondant
Distribution des résultats
% des personnes avec chaque résultat
Percentile par nombre de réponses
Votre historique - résultats
Vous n’avez pas pris ce quiz